|
|
|
|
| LEADER |
01196nam a2200229 a 4500 |
| 001 |
11371449 |
| 008 |
100204b bg 0 0eng d |
| 010 |
|
|
|a 90643704
|
| 040 |
|
|
|a DLC
|c DLC
|d NST
|d DLC
|d OCoLC
|
| 082 |
0 |
0 |
|a 343.549204/02638
|2 20
|
| 245 |
0 |
0 |
|a Summary of taxation rules in Bangladesh 2009-2010
|
| 260 |
|
|
|a Dhaka :
|b Metropolitan Chamber of Commerce and Industry.
|
| 300 |
|
|
|a viii,149 p. ;
|c 35 cm.
|
| 500 |
|
|
|a Description based on: 2009-2010; title from cover.
|
| 541 |
|
|
|e 00019736
|
| 650 |
|
0 |
|a Taxation
|x Law and legislation
|z Bangladesh
|v Periodicals.
|
| 710 |
2 |
|
|a Metropolitan Chamber of Commerce and Industry, Dacca.
|
| 852 |
4 |
|
|a Ayesha Abed Library
|j General shelf
|
| 999 |
|
|
|c 7355
|d 7355
|
| 952 |
|
|
|0 0
|1 0
|2 ddc
|4 0
|6 343_549204026380000_SUM
|7 0
|9 7840
|a BRACUL
|b BRACUL
|c GEN
|d 2010-02-08
|l 1
|o 343.54920402638 SUM
|p 3010019736
|r 2010-03-08
|s 2010-02-09
|t 1
|w 2010-02-08
|y BK
|
| 952 |
|
|
|0 0
|1 0
|2 ddc
|4 0
|6 343_549204026380000_SUM
|7 0
|9 7841
|a BRACUL
|b BRACUL
|c GEN
|d 2010-02-08
|l 0
|o 343.54920402638 SUM
|p 3010019737
|r 2010-02-08
|w 2010-02-08
|y BK
|
| 952 |
|
|
|0 0
|1 0
|2 ddc
|4 0
|6 343_549204026390000_SUM
|7 0
|9 7842
|a BRACUL
|b BRACUL
|c GEN
|d 2010-02-08
|l 0
|o 343.54920402639 SUM
|p 3010019738
|r 2010-02-08
|t 3
|w 2010-02-08
|y BK
|